00709nam a2200229Ia 4500003000400000005001700004008004100021020001800062040000700080041000800087082002200095100004600117245004300163250000600206260002900212300001500241365001300256906004400269942001200313999001900325952013500344OSt20230403095344.0210423s2008 xx 000 0 und d a9780324648539 cAL aeng a658.1511 MOWM223 aMOWEN (Maryanne M);HANSEN (Don R).982153 aCornerstones of managerial accounting. a2 aAustraliabThomsonc2008 axv,772bPB b595cINR aaccounting. ; Cornerstones ; managerial 2ddccBK c158532d158532 001040708MCOMaSACPGbSACPGd2010-07-29eAthulya Booksg595.00l0o658.1511 MOWMpPG005009r2022-08-24 00:00:00w2021-04-26yBK